000 01021cam a2200289 a 4500
001 2084084
003 OSt
005 20230915101808.0
008 940519s1993 ii 000 1 malo
010 _a 94901339
020 _a817130267X :
_cRs22.00
025 _aI-Mal-6543
040 _aDLC
_cDLC
042 _alcode
050 0 0 _aPL4718.9.M2454
_bH54 1993
082 _a894.812301
_bMAD/H
100 1 _aMādhavan, En. Es.,
_d1948-
_99467
245 1 0 _aHigvit̲t̲a /
_cEn. Es. Mādhavan.
260 _aKōṭṭayaṃ :
_bḌi. Si. Buks :
_bDistributors, Current Books,
_c1993.
300 _a95 p. ;
_c23 cm.
500 _aShort stories.
500 _aIn Malayalam.
505 0 _aHigvit̲t̲a -- Vanmaraṅȧḷ vīl̲umpōḷ -- Kārmen -- Ent̲e makaḷ oru str̲ī -- Nālāṃ lōkaṃ -- Kāṇi -- Vilāpaṅṅaḷ.
906 _a7
_bcbc
_corigode
_d3
_encip
_f19
_gy-gencatlg
942 _2ddc
_cBK
_h894.812301
_iMAD/H
_k894.812301
_mMAD/H
999 _c42502
_d42502